| 000 -LEADER | |
|---|---|
| fixed length control field | 00301nam a22001217a 4500 |
| 020 ## - INTERNATIONAL STANDARD BOOK NUMBER | |
| ISBN | 9780840028969 |
| 050 ## - LIBRARY OF CONGRESS CALL NUMBER | |
| Classification number | PE 1112 |
| 100 ## - MAIN ENTRY--AUTHOR NAME | |
| Personal name | Hogan, Gina Baaklini |
| 245 ## - TITLE STATEMENT | |
| Title | Building better grammar |
| 260 ## - PUBLICATION, DISTRIBUTION, ETC. (IMPRINT) | |
| Place of publication | Boston, MA |
| Name of publisher | Wadsworth Cengage Learning |
| Year of publication | 2013 |
| 300 ## - PHYSICAL DESCRIPTION | |
| Number of Pages | 265p.;includes index |
| 942 ## - ADDED ENTRY ELEMENTS (KOHA) | |
| Koha item type | Books |
| Koha item type | Collection code | Shelving location | Accession Number | Permanent Location | Current Location | Date acquired | Full call number |
|---|---|---|---|---|---|---|---|
| Books | Reference | Reference | 4662 | Chapman Library | Chapman Library | 2017-04-08 | PE 1112hog |

